Maiores países por categoria #2 - Statistics

Estatísticas Gerais
  • Esse quiz foi jogado 124 vezes
  • A pontuação média é 22 de 40
Estatísticas das Respostas
Resposta % Correto
8848 Nepal/China
99%
85.373 EUA
90%
105.669 Suiça
86%
8586 Índia
84%
17.968 Mônaco
79%
100.00% Noruega
78%
94.660 Noruega
78%
1.891 Vaticano
78%
6880 Chile
75%
100.00% Finlândia
74%
100.00% Luxemburgo
73%
131.384 Luxemburgo
73%
68.898 Dinamarca
67%
84.594 Islândia
66%
100.00% Liechtenstein
65%
6960 Argentina
64%
8611 Paquistão
59%
106.059 Irlanda
58%
66.589 Austrália
57%
7.874 Singapura
57%
88.447 Singapura
57%
7570 Butão
55%
7010 Cazaquistão
54%
100.00% Andorra
53%
1.321 Malta
53%
1.113 Bangladesh
50%
81.400 Catar
48%
7492 Afeganistão
43%
7439 Quirguistão
40%
100.00% RPDC
36%
100.00% Uzbequistão
35%
621 Nauru
33%
1.035 Bahrein
32%
99.89% Letônia
27%
636 Taiwan
24%
100.00% Ucrânia
23%
1.426 Maldivas
20%
99.87% Bielorrússia
18%
647 Barbados
14%
7495 Tadjiquistão
10%
Nenhum quiz correspondente encontrado
Distribuição das Pontuações
Porcentagem de Pessoas com Cada Pontuação
Percentil de Números Respondidos
Sua Pontuação Histórica
Você não jogou esse quiz